ბათუმის შოთა რუსთაველის სახელმწიფო უნივერსიტეტის ბიბლიოთეკა

Справочник по физике для инженеров и студентов вузов (ბიბ.ჩანაწერი № 37300)

000 -LEADER
fixed length control field 00725nam a2200217Ia 4500
001 - CONTROL NUMBER
control field 3259
003 - CONTROL NUMBER IDENTIFIER
control field GE_BSU
008 - FIXED-LENGTH DATA ELEMENTS--GENERAL INFORMATION
fixed length control field 181216s||||||||xx |||||||||||||| ||und||
040 ## - CATALOGING SOURCE
Transcribing agency GE_BSU
080 ## - UNIVERSAL DECIMAL CLASSIFICATION NUMBER
Universal Decimal Classification number 530(035.3)
100 ## - MAIN ENTRY--PERSONAL NAME
Personal name Яворский,Б. М. Детлаф, А. А.
245 ## - TITLE STATEMENT
Title Справочник по физике для инженеров и студентов вузов
245 ## - TITLE STATEMENT
Statement of responsibility, etc. Ред. Л.П. Русакова.
250 ## - EDITION STATEMENT
Edition statement изд. пятое, стереотипное
260 ## - PUBLICATION, DISTRIBUTION, ETC.
Place of publication, distribution, etc. Москва
260 ## - PUBLICATION, DISTRIBUTION, ETC.
Name of publisher, distributor, etc. Наука
260 ## - PUBLICATION, DISTRIBUTION, ETC.
Date of publication, distribution, etc. 1971
300 ## - PHYSICAL DESCRIPTION
Extent 939 с. 17 см.
653 ## - INDEX TERM--UNCONTROLLED
Uncontrolled term Справочник по физике для инженеров и студентов вузов
942 ## - ADDED ENTRY ELEMENTS (KOHA)
Koha item type წიგნი
ეგზემპლარები
Withdrawn status Lost status Damaged status Not for loan Date acquired Barcode Date last seen Price effective from Koha item type Public note
        2018-12-17 9807 2018-12-17 2018-12-17 წიგნი დარბაზი